| 000 | 01029nam a22003017a 4500 | ||
|---|---|---|---|
| 001 | 00260 | ||
| 003 | DO-SdBPM | ||
| 005 | 20260320115048.0 | ||
| 007 | ta | ||
| 008 | 151127b2011 mx |||| 00| 0 spa d | ||
| 020 | _a9786070222337 | ||
| 040 |
_aDO-SdBPM _bspa _cBPMSU _erda |
||
| 082 | 0 | 4 |
_a372..357 _bD352b 2011 _222 |
| 100 | 1 |
_aDelgadillo Chávez, Claudia _eautor _4aut. |
|
| 245 | 1 | 0 |
_aBiodiversidad / _cClaudia Delgadillo Chávez. |
| 264 |
_aMéxico : _bUniversidad Nacional Autóma de México, _c2011. |
||
| 300 |
_a[32] páginas : _bilustraciones ; _c19 cm. |
||
| 336 |
_atexto _btxt _2rdacontent |
||
| 337 |
_asin mediación _bn _2rdamedia |
||
| 338 |
_avolumen _bnc _2rdacarrier |
||
| 590 | _aInventariado, 2026/VM | ||
| 650 | 7 | _aEnseñanza de la ciencia | |
| 650 | 7 |
_aConservación de la naturaleza _vLiteratura infantil |
|
| 650 | 7 |
_aConservación de los recursos naturales _vLiteratura infantil |
|
| 650 | 7 | _aLibros ilustrados para niños | |
| 910 | _aVMateo V. Contol de calidad. BPMSU | ||
| 942 |
_2ddc _cBK |
||
| 999 |
_c8947 _d8947 |
||